Score 0/47 Timer 08:00
0 Plays Today
Code Country % Correct
ALAlbania
93.2%
FRFrance
92.1%
DKDenmark
91.1%
FIFinland
90.5%
HUHungary
90.5%
BEBelgium
88.9%
CZCzech Republic
88.4%
GBUK
88.4%
DEGermany
86.8%
LTLithuania
86.3%
ITItaly
85.8%
RORomania
85.8%
RURussia
85.3%
LVLatvia
84.7%
GRGreece
84.2%
NONorway
84.2%
NLNetherlands
84.2%
PLPoland
84.2%
ESSpain
82.6%
EEEstonia
82.1%
BGBulgaria
80%
IEIreland
78.4%
ADAndorra
77.4%
CYCyprus
76.8%
Code Country % Correct
ISIceland
76.8%
PTPortugal
76.3%
LULuxembourg
75.3%
SKSlovakia
75.3%
KVKosovo
73.7%
SESweden
73.2%
TRTurkey
70.5%
UAUkraine
70.5%
CHSwitzerland
70%
VAVatican City
68.4%
BYBelarus
67.9%
AT/OEAustria
66.3%
SISlovenia
66.3%
MKMacedonia
64.7%
HRCroatia
64.2%
LILiechtenstein
64.2%
SMSan Marino
63.7%
BABosnia and Herzegovina
62.1%
MDMoldova
60.5%
MCMonaco
60%
MTMalta
57.9%
MEMontenegro
57.9%
RSSerbia
48.4%
Remove Ads.
Support Sporcle.
Get the best of Sporcle when you Go Orange. This ad-free experience offers more features, more stats, and more fun while also helping to support Sporcle. Thank you for becoming a member.

You're not logged in!

Compare scores with friends on all Sporcle quizzes.
OR
Log In

Show Comments

Extras

Top Quizzes Today


Score Distribution

Your Account Isn't Verified!

In order to create a playlist on Sporcle, you need to verify the email address you used during registration. Go to your Sporcle Settings to finish the process.

Report this User

Report this user for behavior that violates our Community Guidelines.

Details: